| 000 | 01200nam0a22002771 4500 | ||
|---|---|---|---|
| 001 | rc\50019 | ||
| 005 | 20250620161551.0 | ||
| 010 | _a5-7680-0850-0 | ||
| 035 | _a(NLR Aleph) 005329088 | ||
| 090 |
_a6571668 _c6571668 |
||
| 100 | _a20021216d1994 |||y0rusy50 ca | ||
| 101 | 0 | _arus | |
| 102 | _aRU | ||
| 105 | _aa ||||||||| | ||
| 200 | 1 |
_aИстория адыхейского народа _eСоставл. по преданиям кабардинцев _fВступ. ст. и подгот. текста д. ист. н., акад. Адыг. (Черкес.) акад. проф. Т.Х. Кумыкова |
|
| 210 |
_aНальчик _cЭльбрус _d1994 |
||
| 215 |
_a232 с. _cпортр. _d21 |
||
| 300 | _aВ предисл. авт.: Ш.Б. Ногмов, историк, филолог | ||
| 300 | _aНа 1-й с.: Посвящается 200-летию со дня рождения адыг. летописца Ш.Б. Ногмова | ||
| 320 | _aБиблиогр. в коммент.: с. 193-214 | ||
| 700 | 1 |
_aНогмов _bШ.Б. _f1801-1844 _gШора Бекмурзович |
|
| 801 | 0 |
_aRU _bNLR _gpsbo |
|
| 801 | 1 |
_aRU _bELAR _2rusmarc |
|
| 852 |
_aNLR _j94-3/2725 |
||
| 942 | _cBOOK | ||
| 980 | _aNB | ||